[Event "Beirut Lasker Memoral-B"]
[Site "Beirut"]
[Date "2015.01.31"]
[Round "10"]
[White "Shihab, Khaled"]
[Black "Berbari, Imad"]
[Result "1-0"]
[WhiteElo "2083"]
[BlackElo "1904"]
[PlyCount "93"]
[EventDate "2015.01.21"]
[EventType "tourn"]
[EventRounds "11"]
[EventCountry "LBN"]
[SourceTitle "EXT 2018"]
[Source "ChessBase"]
[SourceDate "2017.10.13"]
[SourceVersion "1"]
[SourceVersionDate "2017.10.13"]
[SourceQuality "1"]

1. Nf3 Nf6 2. d4 e6 3. c4 Bb4+ 4. Nc3 Nc6 5. a3 Bxc3+ 6. bxc3 d6 7. Bg5 h6 8. Bh4 b6 9. Qa4 Bd7 10. Qc2 g5 11. Bg3 Nh5 12. e3 Nxg3 13. hxg3 Ne7 14. Nxg5 Ng6 15. Nf3 Qf6 16. Qe4 Rb8 17. Be2 Ne7 18. Qh4 Qf5 19. Kd2 Bc6 20. Qh5 Qf6 21. Bd3 Kd7 22. e4 Kc8 23. Qh4 Ng8 24. Qxf6 Nxf6 25. Rh4 Kb7 26. Rf4 Nh7 27. Rxf7 Ng5 28. Rf4 d5 29. cxd5 exd5 30. e5 Ne4+ 31. Bxe4 dxe4 32. Nh4 Rbd8 33. Nf5 Rhe8 34. Ke3 Re6 35. Rh1 Rh8 36. c4 Bd7 37. Kxe4 Rc6 38. Ne3 Be8 39. Kf3 Ka6 40. g4 Ka5 41. g5 Ka4 42. Rf6 Kxa3 43. Ra1+ Kb4 44. Rxa7 hxg5 45. Rxc6 Bxc6+ 46. d5 Be8 47. Rxc7 1-0

[Event "LIB-ch 40th+"]
[Site "Beirut"]
[Date "2014.06.14"]
[Round "1.6"]
[White "Bassel, Charaf"]
[Black "Shihab, Khaled"]
[Result "1/2-1/2"]
[WhiteElo "2114"]
[BlackElo "2112"]
[PlyCount "78"]
[EventDate "2014.06.14"]
[EventType "tourn"]
[EventRounds "11"]
[EventCountry "LBN"]
[SourceTitle "EXT 2016"]
[Source "ChessBase"]
[SourceDate "2015.10.08"]
[SourceVersion "1"]
[SourceVersionDate "2015.10.08"]
[SourceQuality "1"]

1. Nf3 Nf6 2. g3 b6 3. Bg2 Bb7 4. 0-0 e6 5. b3 Be7 6. Bb2 0-0 7. d3 c5 8. e4 d6 9. e5 dxe5 10. Nxe5 Bxg2 11. Kxg2 Qd5+ 12. Qf3 Qxf3+ 13. Kxf3 Rd8 14. Nd2 Nfd7 15. Ndc4 Nxe5+ 16. Nxe5 Bf6 17. a4 Bxe5 18. Bxe5 Nc6 19. Rfe1 Rd5 20. Bc3 a5 21. g4 h5 22. h3 Rc8 23. Ke2 f6 24. Kd2 Kf7 25. f4 Ne7 26. Ke3 Nc6 27. Re2 hxg4 28. hxg4 Rh8 29. Rf1 Rh3+ 30. Rf3 Rh4 31. Rg2 Rd8 32. Kd2 Ne7 33. Kc1 Rh1+ 34. Kb2 Rd5 35. Rff2 Rh4 36. Rg1 Rd8 37. Bd2 Rdh8 38. Bc3 Rd8 39. Bd2 Rdh8 1/2-1/2

[Event "Beirut op 7th"]
[Site "Beirut"]
[Date "2014.05.12"]
[Round "8"]
[White "Asmar, Elie"]
[Black "Shihab, Khaled"]
[Result "1/2-1/2"]
[WhiteElo "2009"]
[BlackElo "2111"]
[PlyCount "102"]
[EventDate "2014.05.06"]
[EventType "swiss"]
[EventRounds "9"]
[EventCountry "LBN"]
[SourceTitle "EXT 2016"]
[Source "ChessBase"]
[SourceDate "2015.10.08"]
[SourceVersion "1"]
[SourceVersionDate "2015.10.08"]
[SourceQuality "1"]

1. Nf3 Nf6 2. g3 g6 3. Bg2 Bg7 4. 0-0 0-0 5. d3 d5 6. Nbd2 Nbd7 7. c3 c6 8. e4 e5 9. Qe2 Re8 10. Rd1 Qc7 11. h3 b6 12. b3 Bb7 13. Bb2 Rad8 14. Ba3 Nf8 15. Nf1 c5 16. N3d2 Qc8 17. Bb2 Qa8 18. f3 d4 19. cxd4 exd4 20. Qf2 N8d7 21. f4 Qb8 22. Nh2 a6 23. Ng4 Nxg4 24. hxg4 Nf6 25. g5 Ng4 26. Qf3 Ne3 27. Rdc1 Nxg2 28. Qxg2 h6 29. gxh6 Bxh6 30. Rf1 Qc7 31. Rae1 Bg7 32. Rc1 f6 33. f5 gxf5 34. Rxf5 Bc8 35. Rff1 Bg4 36. Rf4 Qc8 37. Nf3 Bxf3 38. Qxf3 Qe6 39. Rf1 Rd6 40. Rf5 Rc6 41. Qh5 Qf7 42. Qg4 Re7 43. e5 Rce6 44. exf6 Re1 45. fxe7 Qxe7 46. Rf8+ Qxf8 47. Qh3 Qxf1+ 48. Qxf1 Rxf1+ 49. Kxf1 Kf7 50. Ke2 Kg6 51. Kf3 Kf5 1/2-1/2

[Event "Beirut op 7th"]
[Site "Beirut"]
[Date "2014.05.09"]
[Round "4"]
[White "Tiviakov, Sergei"]
[Black "Shihab, Khaled"]
[Result "1-0"]
[WhiteElo "2657"]
[BlackElo "2111"]
[PlyCount "43"]
[EventDate "2014.05.06"]
[EventType "swiss"]
[EventRounds "9"]
[EventCountry "LBN"]
[SourceTitle "EXT 2016"]
[Source "ChessBase"]
[SourceDate "2015.10.08"]
[SourceVersion "1"]
[SourceVersionDate "2015.10.08"]
[SourceQuality "1"]

1. e4 c5 2. Nf3 a6 3. c3 e6 4. d4 d5 5. exd5 exd5 6. Be2 Nf6 7. 0-0 Be7 8. dxc5 Bxc5 9. Bg5 Nbd7 10. Nbd2 0-0 11. Nb3 Be7 12. Re1 b6 13. Nfd4 Bb7 14. Nf5 Re8 15. Bf3 Bf8 16. c4 Re6 17. Re3 Nc5 18. Bh4 Nce4 19. Bxe4 Rxe4 20. Rxe4 dxe4 21. Nh6+ gxh6 22. Bxf6 1-0

[Event "Beirut op 7th"]
[Site "Beirut"]
[Date "2014.05.08"]
[Round "3"]
[White "Shihab, Khaled"]
[Black "Boricsev, Oleg"]
[Result "1/2-1/2"]
[WhiteElo "2111"]
[BlackElo "2319"]
[PlyCount "36"]
[EventDate "2014.05.06"]
[EventType "swiss"]
[EventRounds "9"]
[EventCountry "LBN"]
[SourceTitle "EXT 2016"]
[Source "ChessBase"]
[SourceDate "2015.10.08"]
[SourceVersion "1"]
[SourceVersionDate "2015.10.08"]
[SourceQuality "1"]

1. d4 d5 2. c4 e6 3. Nf3 c5 4. cxd5 exd5 5. g3 Nc6 6. Bg2 Nf6 7. 0-0 Be7 8. Nc3 0-0 9. dxc5 d4 10. Na4 Bf5 11. Nh4 Be4 12. f3 Bd5 13. Nf5 Re8 14. Nxd4 Nxd4 15. Qxd4 Bc6 16. Qxd8 Raxd8 17. Nc3 Bxc5+ 18. Kh1 b5 1/2-1/2

[Event "LIB-ch"]
[Site "Beirut"]
[Date "2014.03.05"]
[Round "3"]
[White "Shihab, Khaled"]
[Black "Asmar, Elie"]
[Result "0-1"]
[WhiteElo "2133"]
[BlackElo "2001"]
[PlyCount "88"]
[EventDate "2014.03.03"]
[EventType "swiss"]
[EventRounds "7"]
[EventCountry "LBN"]
[SourceTitle "EXT 2016"]
[Source "ChessBase"]
[SourceDate "2015.10.08"]
[SourceVersion "1"]
[SourceVersionDate "2015.10.08"]
[SourceQuality "1"]

1. c4 Nf6 2. Nc3 g6 3. e4 d6 4. d4 Bg7 5. Nge2 h5 6. Bg5 Nbd7 7. Qd2 c6 8. f3 a6 9. Rd1 Qc7 10. a4 Rb8 11. Nc1 0-0 12. h3 e5 13. dxe5 dxe5 14. Qf2 b5 15. cxb5 axb5 16. axb5 cxb5 17. Bxb5 Nc5 18. Qh4 Bd7 19. Bxf6 Bxb5 20. Nd5 Qa7 21. Bxg7 Kxg7 22. Qf6+ Kh7 23. Qxe5 f5 24. Qd4 fxe4 25. fxe4 Rbe8 26. Nc3 Qe7 27. Nxb5 Nxe4 28. Qd7 Nc3+ 29. Qxe7+ Rxe7+ 30. Kd2 Nxb5 31. Rhf1 Rc8 32. Rf3 Nd4 33. Rc3 Rf8 34. Nd3 Re2+ 35. Kc1 Rxg2 36. Rc7+ Kh6 37. Ne5 Nb3+ 38. Kb1 Ra8 39. Nf7+ Kg7 40. Ng5+ Kh6 41. Nf7+ Kg7 42. Ne5+ Kf6 43. Nd7+ Kg5 44. Rd5+ Kh6 0-1

[Event "Dubai op 05th"]
[Site "Dubai"]
[Date "2003.04.29"]
[Round "9"]
[White "Shihab, Khaled"]
[Black "Mirzoeva, Elmira"]
[Result "0-1"]
[WhiteElo "1800"]
[BlackElo "2277"]
[PlyCount "62"]
[EventDate "2003.04.20"]
[EventType "swiss"]
[EventRounds "9"]
[EventCountry "UAE"]
[SourceTitle "CBM 093 Extra"]
[Source "ChessBase"]
[SourceDate "2003.05.09"]
[SourceVersion "1"]
[SourceVersionDate "2003.05.09"]
[SourceQuality "1"]

1. d4 Nf6 2. c4 g6 3. Nc3 Bg7 4. e4 d6 5. Nge2 Nc6 6. d5 Nb8 7. Ng3 0-0 8. Be2 Na6 9. Bg5 c6 10. 0-0 h5 11. Qd2 Re8 12. Rad1 Nh7 13. Be3 h4 14. Nh1 Qa5 15. f4 cxd5 16. cxd5 Bd7 17. Nf2 Rec8 18. Rc1 Nc5 19. Bd4 Nf6 20. Qe3 Na4 21. Nd3 Rc4 22. Bxf6 Bxf6 23. e5 Bg7 24. b4 Qb6 25. Qxb6 Nxb6 26. e6 fxe6 27. dxe6 Bxe6 28. Nb5 Rac8 29. Na3 Rxc1 30. Rxc1 Rxc1+ 31. Nxc1 Bb2 0-1

[Event "Dubai op 05th"]
[Site "Dubai"]
[Date "2003.04.24"]
[Round "4"]
[White "Shihab, Khaled"]
[Black "Saud, Mohamed"]
[Result "1-0"]
[WhiteElo "1800"]
[BlackElo "2202"]
[PlyCount "65"]
[EventDate "2003.04.20"]
[EventType "swiss"]
[EventRounds "9"]
[EventCountry "UAE"]
[SourceTitle "CBM 093 Extra"]
[Source "ChessBase"]
[SourceDate "2003.05.09"]
[SourceVersion "1"]
[SourceVersionDate "2003.05.09"]
[SourceQuality "1"]

1. d4 c5 2. d5 d6 3. c4 e6 4. Nc3 exd5 5. cxd5 g6 6. e4 Bg7 7. Nge2 Ne7 8. Ng3 0-0 9. Bd3 a6 10. a4 f5 11. 0-0 f4 12. Nh1 Nd7 13. Ne2 g5 14. f3 Ne5 15. Nf2 h5 16. Kh1 N7g6 17. Ng1 g4 18. Be2 Qh4 19. Ra3 g3 20. Nfh3 gxh2 21. Kxh2 Qg3+ 22. Kh1 Nh4 23. Rf2 Neg6 24. Bf1 Bxh3 25. Nxh3 Bd4 26. Re2 Rae8 27. Bd2 Ne5 28. Be1 Qg7 29. Bxh4 Nc4 30. Rb3 Ne3 31. Qc1 c4 32. Ra3 Nxd5 33. Qxc4 1-0